Elementos de derecho internacional privado / (Record no. 166485)

MARC details
000 -LEADER
campo de control de longitud fija 00510nam a2200145 4500
001 - NÚMERO DE CONTROL
campo de control 166485
003 - IDENTIFICADOR DE NÚMERO DE CONTROL
campo de control ES-MaACL
005 - FECHA Y HORA DE LA ÚLTIMA TRANSACCIÓN
campo de control 20230906213338.0
008 - DATOS DE LONGITUD FIJA--INFORMACIÓN GENERAL
campo de control de longitud fija 950302s1887 sp f |||| | spa d
100 1# - ENTRADA PRINCIPAL--NOMBRE DE PERSONA
Nombre de persona Torres Campos, Manuel.
9 (RLIN) 110934
245 10 - MENCIÓN DEL TÍTULO
Título Elementos de derecho internacional privado /
Mención de responsabilidad, etc. por Manuel Torres Campos.
260 ## - PUBLICACIÓN, DISTRIBUCIÓN, ETC.
Lugar de publicación, distribución, etc. Madrid :
Nombre del editor, distribuidor, etc. Librería de Fernando Fe,
Fecha de publicación, distribución, etc. 1887.
300 ## - DESCRIPCIÓN FÍSICA
Extensión 218 p. ;
Dimensiones 19 cm.
852 4# - LOCALIZACIÓN
Ubicación ES-MaACL
Número de control de estantería F-12182
Nota libre - Enc. pasta española
-- - Dedicatoria autógrafa del autor
Holdings
Estatus retirado Estado de pérdida Estado de daño No para préstamo Colección Biblioteca de origen Biblioteca actual Ubicación en estantería Fecha de adquisición Fuente de adquisición Total de préstamos Signatura topográfica completa Código de barras Visto por última vez Precio de reemplazo Tipo de ítem Koha
        Libros del s. XIX Biblioteca del Ateneo de Madrid Biblioteca del Ateneo de Madrid Sala Pecera Planta 2 17/01/2008     F-12182 1174610 23/02/2023 23/02/2023 Libro impreso antiguo